Globalizácia vízie - ilúzie - disproporcie - realita

Na minha lista:
Detalhes bibliográficos
Autor principal: Staněk, Peter
Formato: Capítulo de Livro
Idioma:eslovaco
Tags: Adicionar Tag
Sem tags, seja o primeiro a adicionar uma tag!

MARC

LEADER 00000naa$a2200000$$$4500
001 0146264
005 20220531121916.9
041 0 |a slo 
044 |a SK 
245 1 0 |a Globalizácia vízie - ilúzie - disproporcie - realita  |c Peter Staněk 
500 |a Prepis zvukového záznamu prednášky. 
100 1 |a Staněk, Peter